000 00355 a2200157 4500
001 69761
020 _a9788578411824
040 _cAnchieta - Itaigara
100 _aRischbieter, Luca
240 1 0 _aO planetinha tosse tosse
_lpor
245 1 0 _aO planetinha tosse tosse
300 _a19
362 0 _a2009
650 4 _aLiteratura infantil
942 _cBK
999 _c69761
_d69761